000 00875nam a2200253Ia 4500
003 OSt
005 20220923212520.0
006 a|||||r|||| 00| 0
007 ta
008 220922b |||||||| |||| 00| 0 hin d
024 _a153,691
037 _cTextual
040 _aARTS
_cARTS
_bhin
041 _2hin
_ahin
082 _aO152v, L8
100 _aगुप्त, किशेरीलाल
245 0 _aहिन्दी साहित्य के इतिहासो का इतिहास
246 _aHindī sāhitya ke itihāso kā itihāsa
260 _aसाहिबाबाद
_b विभू प्रकाशन
_c1978
300 _a205 पृ.
_ccm.
650 _aहिन्दी साहित्य
_9156264
942 _hO152v, L8
_cTEXL
_2CC
999 _c309332
_d309332